LEADER 01787nam a2200373 u 4500 001 000000104955 003 CaOOAMICUS 005 20070511104358.0 008 070511s2007 it u000 u ita u 040 $aPUL$bita$dLDB 041 0 $aita$alat$hlat 100 1 $aHoratius Flaccus, Quintus,$d65-8 a.C.$0(OLS)http://pul/name/8724 245 10$aTutte le opere /$cOrazio; introduzione di Niall Rudd; traduzioni di Luca Canali e Marco Beck; commento e note di Maria Pellegrini e di Marco Beck. 260 $aMilano :$bMondadori,$cc2007. 300 $alxxii,961 p. ;$c18 cm 490 1 $aI classici collezione Greci e latini ;$v13 500 $aTesto latino a fronte. 504 $aInclude riferimenti bibliografici. 700 1 $aPellegrini, Maria.$0(OLS)http://pul/name/59636 700 1 $aCanali, Luca,$d1925-$0(OLS)http://pul/name/8836 700 1 $aBeck, Marco.$0(OLS)http://pul/name/64496 700 1 $aRudd, Niall.$0(OLS)http://pul/name/64495 700 1 $aHoratius Flaccus, Quintus,$d65-8 a.C.$tOpere.$0(OLS)http://pul/nameTitle/274$0(OLS)http://pul/name/8724$0(OLS)http://pul/title/5258 830 2$aI classici collezione$pGreci e latini (Mondadori) ;$v13.$0(OLS)http://pul/title/131999 850 $aPUL 852 $aPUL$W1$xSL Cons. Gen., Altre Classi 3$y75$m880 COLL 1.13$j117547$qDDC 21$B117490$CPULBib$Z2$F117490 $H104132 $82 900 $aOvidio Nasone, Publio,$d43 a.C.-17/18 d.C.$94714 900 $aOrazio,$d65-8 a.C.$98724 900 $aFlaccus, Quintus Horatius,$d65-8 a.C.$98724 900 $aOrazio,$d65-8 a.C.$98724 900 $aFlaccus, Quintus Horatius,$d65-8 a.C.$98724 941 1 $a9 996 $6245$aTutte le opere$9(OLS)http://pul/title/71188 996 $6260$aMilano :$bMondadori$9(OLS)http://pul/publisher/50297 LEADER 01054nam a2200265 a 4500 001 000000134824 003 CaOOAMICUS 005 20130704120916.0 008 130704s1967 gw 000 0 ger r 040 $aPUL$bita 041 1 $ager$hfre 100 1 $aTournier, Paul.$0(OLS)http://pul/name/32274 240 10$aSaisons de la vie.$lTedesco.$0(OLS)http://pul/title/170496 245 14$aDie Jahreszeiten unsres Lebens :$bEntfaltung und Erfüllung /$cPaul Tournier. 260 $aHamburg :$bFurche,$c1967. 300 $a94 p. ;$c18 cm 490 1 $aStudenbucher ;$v76 650 4$aVita.$0(OLS)http://pul/subject/12200 830 0$aStudenbücher (Furche) ;$v43.$0(OLS)http://pul/title/84114 850 $aPUL 852 $aPUL$W1$xDP1 Religione 1$y20$m555 I 64$j155082$qStampati$B154635$CPULBib$Z2$F154635 $H63381 $82 941 1 $a8 996 $6245$aDie Jahreszeiten unsres Lebens :$bEntfaltung und Erfüllung$9(OLS)http://pul/title/170495 996 $6260$aHamburg :$bFurche$9(OLS)http://pul/publisher/61011